Pays européens avec métro - Statistiques

Statistiques générales
  • Ce quiz a été pris 1 475 fois
    1 225 depuis la dernière actualisation
  • Le résultat moyen est 19 sur 23
Statistiques - réponses
Pays % Correct
France
100%
Espagne
98%
Allemagne
97%
Royaume-Uni
96%
Italie
93%
Portugal
93%
Belgique
92%
Russie
91%
Suéde
91%
Norvége
88%
Finlande
86%
Pologne
86%
Suisse
86%
Pays-bas
85%
Autriche
84%
Gréce
79%
Hongrie
78%
Danemark
76%
Roumanie
73%
Ukraine
71%
République tchèque
70%
Bulgarie
69%
Biélorussie
63%
Aucun quiz correspondant
Distribution des résultats
% des personnes avec chaque résultat
Percentile par nombre de réponses
Votre historique - résultats
Vous n’avez pas pris ce quiz depuis la dernière actualisation